[Event "2nd JAHV McGregor Open"]
[Site "Bogota COL"]
[Date "2011.12.07"]
[Round "4"]
[White "Orozco Arango,Jaidiber"]
[Black "Acevedo,Jo"]
[Result "0-1"]
[WhiteElo "1877"]
[BlackElo "2102"]

1.e4 c5 2.Nf3 d6 3.d4 cxd4 4.Nxd4 Nf6 5.Nc3 a6 6.Be3 e6 7.f3 h5 8.Qd2 Qc7
9.a4 b6 10.Bd3 Bb7 11.Nb3 Nc6 12.Qf2 Nd7 13.f4 Nc5 14.Nxc5 dxc5 15.f5 O-O-O
16.O-O-O Bd6 17.Bc4 Ne5 18.Be2 Kb8 19.Kb1 Ka7 20.a5 Ka8 21.axb6 Qxb6 22.Na4 Qb4
23.Rxd6 Qxa4 24.Bxc5 Rxd6 25.Bxd6 Bxe4 26.Bxa6 Qxa6 27.Bxe5 Rc8 28.Bc3 Bxf5
29.Rd1 Qb7 30.Qd4 Qe4 31.Qd2 Qa4 32.Re1 Kb7 33.g4 hxg4 34.Re5 Ra8 35.b4 Rd8
36.Rb5+ Ka6 37.Rb6+ Ka7 38.Qf2 Rd1+  0-1

[Event "2nd JAHV McGregor Open"]
[Site "Bogota COL"]
[Date "2011.12.08"]
[Round "6"]
[White "Cifuentes,J"]
[Black "Munoz,Joh"]
[Result "0-1"]
[WhiteElo "2107"]
[BlackElo "2238"]

1.e4 c5 2.Nf3 d6 3.d4 Nf6 4.Nc3 cxd4 5.Nxd4 a6 6.Be3 Ng4 7.Bc1 Nf6 8.Be3 e5
9.Nb3 Be6 10.f3 Nbd7 11.Qd2 Nb6 12.O-O-O Rc8 13.Qf2 Nfd7 14.Nd5 Nxd5 15.exd5 Bf5
16.Bd3 Bxd3 17.Rxd3 Be7 18.Kb1 O-O 19.Rc1 f5 20.f4 Nf6 21.Bb6 Qe8 22.fxe5 Ng4
23.Qe2 Nxe5 24.Rh3 Bg5 25.Re1 Nc4 26.Qd1 Qf7 27.Bf2 Bf6 28.c3 b5 29.Re6 Rce8
30.Qe2 Rxe6 31.dxe6 Qb7 32.Nd4 Qe4+ 33.Qxe4 Nd2+ 34.Kc2 Nxe4 35.Rf3 g6 36.Kd3 Re8
37.Nc6 Rxe6 38.Nb4 Nc5+ 39.Kd2 a5 40.Nd5 Bg5+ 41.Kd1 Na4 42.b3 Nb2+ 43.Kc2 Re2+
44.Kb1 Nd1 45.h4 Rb2+ 46.Ka1 Rc2 47.a4 bxa4 48.bxa4 Nxf2 49.hxg5 Ne4 50.c4 Rxc4
51.Rb3 Rxa4+ 52.Kb2 Nxg5 53.Rb7 Ne4  0-1

[Event "2nd JAHV McGregor Open"]
[Site "Bogota COL"]
[Date "2011.12.08"]
[Round "6"]
[White "Baules,J"]
[Black "Torres,Carlos Andres"]
[Result "1-0"]
[WhiteElo "2380"]
[BlackElo "2028"]

1.e4 c5 2.Nf3 d6 3.d4 cxd4 4.Nxd4 Nf6 5.Nc3 a6 6.Be3 e5 7.Nb3 Be6 8.Be2 Be7
9.O-O O-O 10.a4 Nc6 11.a5 Rc8 12.Bb6 Qd7 13.f4 exf4 14.Rxf4 Ne5 15.Nd5 Bxd5
16.exd5 Ng6 17.Rf1 Ne4 18.Bd3 f5 19.Nd4 Ne5 20.Nxf5 Nc5 21.Nxe7+ Qxe7 22.Bf5 Ned7
23.Bxc5 dxc5 24.d6 Qe3+ 25.Kh1 Qe8 26.Qg4 Rxf5 27.Qxf5 Rd8 28.Rae1 Qg6 29.Qd5+ Kh8
30.Qxb7 Qxd6 31.Rd1 Rf8 32.Rxf8+ Qxf8 33.Qxd7  1-0

[Event "13th Metropolitan GM"]
[Site "Los Angeles USA"]
[Date "2011.12.08"]
[Round "2"]
[White "Arnold,Mar"]
[Black "Matikozian,A"]
[Result "1/2-1/2"]
[WhiteElo "2504"]
[BlackElo "2457"]

1.e4 c5 2.Nf3 d6 3.d4 cxd4 4.Nxd4 Nf6 5.Nc3 a6 6.Be3 e5 7.Nf3 Be7 8.Bc4 O-O
9.O-O Be6 10.Bxe6 fxe6 11.Na4 Nfd7 12.c4 Nc6 13.Qe2 Qe8 14.Rfd1 Qg6 15.Nc3 Nf6
16.Nh4 Qg4 17.Qxg4 Nxg4 18.Nf3 Nxe3 19.fxe3 Rac8 20.b3 Nd8 21.Rac1 Nf7 22.Kf2 Rc6
23.Ke2 Rfc8 24.Kd3 Bd8 25.Nd2 Ba5 26.Rc2 Kf8 27.a3 Bxc3 28.Rxc3 d5 29.Rdc1 dxc4+
30.Rxc4 Rd8+ 31.Ke2 Rxc4 32.Nxc4 Ke7 33.Nb6 Kd6 34.h4 h5 35.a4 g5 36.hxg5 Nxg5
37.Nc4+ Ke7 38.Nxe5 Nxe4 39.Rc4 Ng3+ 40.Kf3 Nf5 41.Ng6+ Kf6 42.Nf4 h4 43.Nh5+  1/2-1/2

[Event "13th Metropolitan GM"]
[Site "Los Angeles USA"]
[Date "2011.12.09"]
[Round "4"]
[White "Khachiyan,M"]
[Black "Yankovsky,R"]
[Result "1/2-1/2"]
[WhiteElo "2474"]
[BlackElo "2397"]

1.e4 c5 2.Nc3 a6 3.Nf3 d6 4.d4 cxd4 5.Nxd4 Nf6 6.Be3 e5 7.Nb3 Be7 8.Qd2 Be6
9.O-O-O Nbd7 10.f4 b5 11.f5 Bc4 12.Kb1 Rc8 13.Bd3 Qc7 14.h3 b4 15.Ne2 a5
16.g4 a4 17.Nbc1 d5 18.g5 Nxe4 19.Bxe4 dxe4 20.Ng3 a3 21.b3 Bd5 22.Nce2 Bc5
23.c4 bxc3 24.Nxc3 Bxe3 25.Nxd5 Bxd2 26.Nxc7+ Rxc7 27.Rxd2 e3 28.Rc2 Rxc2
29.Kxc2 h6 30.gxh6 Rxh6 31.Kd3 Rd6+ 32.Kxe3 Nc5 33.Rc1 Rd3+ 34.Kf2 Rd2+ 35.Ke3 Rd3+
36.Kf2 Rd2+  1/2-1/2

[Event "Arab Games Blitz Men"]
[Site "Doha QAT"]
[Date "2011.12.10"]
[Round "8"]
[White "Ahmad,Az"]
[Black "Arab,A"]
[Result "0-1"]
[WhiteElo "2353"]
[BlackElo "2403"]

1.e4 c5 2.Nf3 d6 3.d4 cxd4 4.Nxd4 Nf6 5.Nc3 a6 6.Be3 e6 7.Be2 Be7 8.a4 Nc6
9.O-O O-O 10.Kh1 Qc7 11.f4 Re8 12.Bd3 Na5 13.Qe2 b6 14.b4 Qxc3 15.bxa5 bxa5
16.Nb3 Qc7 17.Bd2 e5 18.f5 d5 19.exd5 e4 20.Bc4 Bb4 21.c3 Bd6 22.Bg5 Be5
23.Nd4 Bd7 24.Bxf6 Bxf6 25.Bxa6 Qxc3 26.Nc6 Qc5 27.Rad1 e3 28.Bb5 h6 29.Rf3 Re4
30.h3 Bg5 31.g4 Rae8 32.Nxa5 Bxb5 33.axb5 Rd4 34.Rxd4 Qxd4 35.Kg2 Qxd5 36.Nc4 Qxb5
37.Kf1 Qb1+ 38.Qe1 e2+ 39.Kf2  0-1

[Event "Arab Games Blitz Men"]
[Site "Doha QAT"]
[Date "2011.12.10"]
[Round "9"]
[White "Ahmed Holi Ali,M"]
[Black "El Jawich,A"]
[Result "1-0"]
[WhiteElo "2106"]
[BlackElo "2139"]

1.e4 c5 2.Nf3 d6 3.d4 cxd4 4.Nxd4 Nf6 5.Nc3 a6 6.Be3 e5 7.Nb3 Be6 8.f3 Be7
9.Qd2 h5 10.O-O-O Nbd7 11.Kb1 Qc7 12.Be2 Rc8 13.h3 h4 14.Rhf1 b5 15.Bd3 Nb6
16.Bxb6 Qxb6 17.f4 exf4 18.Qxf4 Nh5 19.Qf2 Qxf2 20.Rxf2 Ng3 21.a4 b4 22.Nd5 Bxd5
23.exd5 Rh5 24.Bxa6 Rc7 25.Bb5+ Kf8 26.Nd4 Bf6 27.Nc6 b3 28.cxb3 Ne4 29.Re2 Ng3
30.Rc2 Rb7 31.b4 Nf5 32.Re2 g6 33.Ka2 Rg5 34.Bc4 Ng3 35.Re3 Nf5 36.Rf3 Rxg2
37.Rb1 Rg3 38.Rbf1 Rg2 39.R1f2 Rxf2 40.Rxf2 Bd4 41.Nxd4 Nxd4 42.b5 Ke7 43.Bd3 f5
44.Rf4 Kf6 45.Rxd4 g5 46.a5 Ke5 47.Rb4 Kxd5  1-0

[Event "80th Anniversary Mollet IM"]
[Site "Mollet del Valles ESP"]
[Date "2011.12.10"]
[Round "6"]
[White "Morros Faura,R"]
[Black "Cruz,Cr"]
[Result "0-1"]
[WhiteElo "2183"]
[BlackElo "2500"]

1.e4 c5 2.Nf3 d6 3.d4 cxd4 4.Nxd4 Nf6 5.Nc3 a6 6.Be3 e5 7.Nb3 Be6 8.f3 Be7
9.Qd2 Nbd7 10.g4 h6 11.Nd5 Bxd5 12.exd5 Rc8 13.O-O-O Nb6 14.Bxb6 Qxb6 15.Kb1 e4
16.Qe2 exf3 17.Qxf3 Nd7 18.Bd3 Ne5 19.Qf5 Qc7 20.Nd4 g6 21.Qf4 Qc5 22.Qe4 O-O
23.h4 Nxd3 24.Rxd3 Bf6 25.c3 Rce8 26.Qf3 Bg7 27.h5 Re5 28.Nb3 Qc8 29.Qf4 Qd7
30.Nd2 Rg5 31.Rh4 f5 32.gxf5 Rfxf5 33.Qe4 Re5 34.Qf3 Rxh5 35.Rb4 Rhf5 36.Qh3 Qf7
37.Rb6 Qc7 38.Rb4 b5 39.a4 Rxd5 40.Rxd5 Rxd5 41.Qg2 Qf7 42.a5 Kh7 43.Nb3 h5
44.Ka2 Rc5 45.Qa8 Rc4 46.Rxc4 Qxc4  0-1

[Event "TCh-CZE Liga 1 Zapad"]
[Site "Czech Rep CZE"]
[Date "2011.12.11"]
[Round "5.1"]
[White "Kalod,R"]
[Black "Bernasek,J"]
[Result "1/2-1/2"]
[WhiteElo "2500"]
[BlackElo "2464"]

1.e4 c5 2.Nf3 d6 3.d4 cxd4 4.Nxd4 Nf6 5.Nc3 a6 6.Be3 e5 7.Nf3 Be7 8.Bc4 O-O
9.O-O h6 10.Qe2 Be6 11.Rfd1 Nbd7 12.a4 Rc8 13.Nd2 Qc7 14.Bb3 Qa5 15.Nc4 Qc7
16.Nd5 Bxd5 17.exd5 Nc5 18.a5 Nxb3 19.cxb3 Nd7 20.Rac1 Qd8 21.Nb6 Nxb6 22.Bxb6 Qd7
23.Rc4 Bd8 24.Bxd8 Rfxd8 25.Qc2 g6 26.Rc1 Rc5 27.Rxc5  1/2-1/2

[Event "18th Zadar Open A"]
[Site "Zadar CRO"]
[Date "2011.12.12"]
[Round "3.13"]
[White "Szabo,Krisz1"]
[Black "Jakic,I"]
[Result "1-0"]
[WhiteElo "2548"]
[BlackElo "2398"]

1.e4 c5 2.Nf3 d6 3.d4 cxd4 4.Nxd4 Nf6 5.Nc3 a6 6.Be3 e6 7.f3 b5 8.Qd2 Nfd7
9.a4 bxa4 10.Rxa4 Be7 11.Be2 O-O 12.O-O Nb6 13.Rb4 N6d7 14.Rb3 Qc7 15.Na4 Nc5
16.Rc3 Qb7 17.Nxc5 dxc5 18.Nb3 Rd8 19.Nxc5 Qxb2 20.Nd3 Qb7 21.Rb3 Qd7 22.Bb6 Re8
23.Rd1 Nc6 24.Qe3 Bd6 25.e5 Bf8 26.Nc5 Bxc5 27.Qxc5 Qb7 28.f4 Bd7 29.Bf3 Rec8
30.Qd6 Be8 31.Be3 Qc7 32.Rb6 Qxd6 33.Rxd6 Rab8 34.Rxb8 Nxb8 35.Bb7  1-0

[Event "XXIII Carlos Torre Magistral"]
[Site "Merida MEX"]
[Date "2011.12.17"]
[Round "2.14"]
[White "De la Paz Perdomo,F"]
[Black "Tapie,P"]
[Result "0-1"]
[WhiteElo "2468"]
[BlackElo "2263"]

1.e4 c5 2.Nf3 d6 3.d4 cxd4 4.Nxd4 Nf6 5.Nc3 a6 6.Be3 e5 7.Nb3 Be6 8.f4 Qc7
9.f5 Bc4 10.g4 h6 11.Qf3 b5 12.O-O-O Nbd7 13.Kb1 Rc8 14.Bd3 b4 15.Nd5 Nxd5
16.exd5 Nf6 17.Qe2 Bxd3 18.cxd3 Nxd5 19.Rc1 Qb8 20.Bd2 Be7 21.Qe4 Nf6 22.Rxc8+ Qxc8
23.Qxb4 O-O 24.Rg1 Qa8 25.h4 Qf3 26.g5 Qxd3+ 27.Ka1 Nd5 28.Qb7 hxg5 29.hxg5 Qb5
30.Qa7 Bd8 31.Rc1 Bb6 32.Qb7 Be3 33.Qxb5 axb5 34.Rd1 Re8 35.Ba5 Ne7 36.f6 Nf5
37.Rf1 g6 38.Bd2 Bxd2 39.Nxd2 e4 40.Re1 d5 41.Kb1 Nd4 42.Re3 Re5  0-1

[Event "20th Aschacher Donau"]
[Site "Aschach AUT"]
[Date "2011.12.27"]
[Round "3"]
[White "Alvir,A"]
[Black "Popovic,Du"]
[Result "0-1"]
[WhiteElo "2353"]
[BlackElo "2573"]

1.e4 c5 2.Nf3 d6 3.d4 cxd4 4.Nxd4 Nf6 5.Nc3 a6 6.Be3 e5 7.Nb3 Be6 8.Qd2 Be7
9.O-O-O O-O 10.f4 b5 11.Be2 Nbd7 12.f5 Bc4 13.g4 Bxe2 14.Qxe2 b4 15.Nd5 Nxd5
16.exd5 Bg5 17.Bxg5 Qxg5+ 18.Kb1 Nf6 19.Rhg1 Rfc8 20.Na5 Rc5 21.Nc4 Rd8 22.Ne3 h6
23.h4 Qxh4 24.g5 hxg5 25.Ng4 Rdc8 26.Rc1 Nxg4 27.Rxg4 Rxc2  0-1

[Event "XXII Cajacanarias Christmas"]
[Site "Santa Cruz de Tenerife ESP"]
[Date "2011.12.27"]
[Round "7"]
[White "Rodriguez Falcon,J"]
[Black "Cabrera Trujillo,J"]
[Result "0-1"]
[WhiteElo "1961"]
[BlackElo "2353"]

1.e4 c5 2.Nf3 d6 3.d4 cxd4 4.Nxd4 Nf6 5.Nc3 a6 6.Be3 e5 7.Nb3 Be6 8.Be2 Be7
9.O-O Nbd7 10.f3 O-O 11.Nd5 Nxd5 12.exd5 Bf5 13.Bd3 Bxd3 14.Qxd3 Rc8 15.Rac1 Bg5
16.c4 Bxe3+ 17.Qxe3 Qb6 18.Kf2 Qxe3+ 19.Kxe3 Rc7 20.Nd2 f5 21.g4 Rfc8 22.gxf5 Nb6
23.b3 Nxd5+ 24.Ke2 Nf4+ 25.Ke3 d5 26.Rg1 b5 27.f6 g6 28.Rg5 Re8  0-1

[Event "XXII Cajacanarias Christmas"]
[Site "Santa Cruz de Tenerife ESP"]
[Date "2011.12.28"]
[Round "8"]
[White "Rodriguez Lapetra,P"]
[Black "Kraus,Ol"]
[Result "1-0"]
[WhiteElo "2153"]
[BlackElo "2051"]

1.e4 c5 2.Nf3 d6 3.d4 cxd4 4.Nxd4 Nf6 5.Nc3 a6 6.Be3 e5 7.Nb3 Be7 8.f3 h5
9.Qd2 Be6 10.O-O-O Qc7 11.Kb1 Nbd7 12.f4 Rc8 13.f5 Bc4 14.Bxc4 Qxc4 15.Qd3 O-O
16.Bg5 b5 17.Qxc4 Rxc4 18.Na5 Rc7 19.Bxf6 Nxf6 20.Nd5 Nxd5 21.Rxd5 Rfc8 22.c3 Kf8
23.Rhd1 Rc5 24.Kc2 Ke8 25.R1d3 Rxd5 26.Rxd5 Kd7 27.Kd3 g6 28.fxg6 fxg6 29.a4 Rb8
30.axb5 axb5 31.b4 h4 32.c4 bxc4+ 33.Nxc4 Kc6 34.Na5+ Kb6 35.Kc3 Rf8 36.Nc4+ Kc7
37.Rd2 Rf4 38.Kd3 d5 39.exd5 Bxb4 40.Rc2 Rd4+ 41.Ke2 Kd8 42.Ne3 Kd7 43.Rc4 Bd6
44.h3 Bc7 45.Kf3 Bd6 46.Rxd4 exd4 47.Nc4 Bg3 48.Ke4 Bf2 49.Ne5+ Kd6 50.Nxg6 Kc5
51.Nf4 Kc4 52.d6  1-0

[Event "ch-AUS 2011-12"]
[Site "North Geelong AUS"]
[Date "2011.12.29"]
[Round "3.7"]
[White "Tan,Ju2"]
[Black "Solomon,SJ"]
[Result "1/2-1/2"]
[WhiteElo "2160"]
[BlackElo "2384"]

1.e4 c5 2.Nf3 d6 3.d4 cxd4 4.Nxd4 Nf6 5.Nc3 a6 6.Be3 e5 7.Nb3 Be6 8.f4 exf4
9.Bxf4 Nc6 10.Qd2 d5 11.O-O-O Bb4 12.Qd3 dxe4 13.Nxe4 Nxe4 14.Qxe4 Qe7 15.c3 Bg4
16.Re1 Qxe4 17.Rxe4+ Be7 18.Bd6 Be6 19.Bxe7 Kxe7 20.Bc4 Nd8 21.Nd4 Re8 22.Rf1 g6
23.Nxe6 Nxe6 24.Bxe6 fxe6 25.Rfe1 Kf7 26.Rf4+ Kg7 27.Rfe4 Kf7 28.Rf4+  1/2-1/2

[Event "Hastings Masters 2011-12"]
[Site "Hastings ENG"]
[Date "2012.01.01"]
[Round "5.8"]
[White "Vuilleumier,A"]
[Black "Holzke,F"]
[Result "0-1"]
[WhiteElo "2356"]
[BlackElo "2506"]

1.e4 c5 2.Nf3 d6 3.d4 cxd4 4.Nxd4 Nf6 5.Nc3 a6 6.Be3 e6 7.f4 b5 8.Qf3 Bb7
9.Bd3 Nbd7 10.O-O Rc8 11.Rad1 Be7 12.a3 O-O 13.Qh3 Rxc3 14.bxc3 Qc7 15.e5 dxe5
16.Nxe6 fxe6 17.Qxe6+ Kh8 18.Qxe7 Re8 19.Qb4 Nd5 20.Qe4 N7f6 21.Qf3 e4 22.Qh3 exd3
23.Rxd3 Nxe3 24.Rxe3 Qb6 25.Re1 Nd5  0-1

[Event "TCh-ISR 2011-12"]
[Site "Israel ISR"]
[Date "2012.01.06"]
[Round "5.1"]
[White "Erenburg,S"]
[Black "Tseitlin,Ma"]
[Result "1/2-1/2"]
[WhiteElo "2616"]
[BlackElo "2403"]

1.e4 c5 2.Nf3 d6 3.d4 cxd4 4.Nxd4 Nf6 5.Nc3 a6 6.Be3 e5 7.Nf3 Be7 8.Bc4 O-O
9.O-O Nc6 10.Qe2 Na5 11.Bd5 Bd7 12.Rfd1 Rc8 13.a3 b5 14.Nd2 Be6 15.Ba2 Bxa2
16.Rxa2 h6 17.Nf1 Rxc3 18.bxc3 Nxe4 19.Qd3 d5 20.f3 Nf6 21.a4 Nc4 22.axb5 axb5
23.Bf2 Qc8 24.Rb1 Qc6 25.Rba1 Bc5 26.Bxc5 Qxc5+ 27.Kh1 g6 28.Nd2 Qf2 29.Nxc4 bxc4
30.Qf1 Qxf1+ 31.Rxf1 Rb8 32.Re1 e4 33.Kg1 Kg7 34.Kf2 Rb6 35.Ke3 exf3 36.gxf3 Re6+
37.Kd2 Nh5 38.Rxe6 fxe6 39.Ke3 Kf6 40.Ra7 e5 41.Ra8  1/2-1/2

[Event "17th Bosnjaci Open"]
[Site "Bosnjaci CRO"]
[Date "2012.01.07"]
[Round "7.10"]
[White "Jakic,I"]
[Black "Zivkovic,Ni"]
[Result "1/2-1/2"]
[WhiteElo "2406"]
[BlackElo "2235"]

1.e4 c5 2.Nf3 d6 3.d4 cxd4 4.Nxd4 Nf6 5.Nc3 a6 6.Be3 e5 7.Nb3 Be6 8.Qd2 Nbd7
9.f3 Be7 10.g4 b5 11.O-O-O O-O 12.g5 b4 13.Ne2 Ne8 14.f4 a5 15.f5 a4 16.fxe6 axb3
17.exf7+ Rxf7 18.cxb3 Rxa2 19.Ng3 Rxf1 20.Rhxf1 Ra1+ 21.Kc2 Qc8+ 22.Kd3 Qa6+
23.Kc2 Qc6+ 24.Kd3 Qb5+ 25.Kc2 Qc6+  1/2-1/2

[Event "TCh-NED Meesterklasse 2011-12"]
[Site "Netherlands NED"]
[Date "2012.01.07"]
[Round "5.6"]
[White "Van Delft,M"]
[Black "Paulet,I"]
[Result "1-0"]
[WhiteElo "2413"]
[BlackElo "2236"]

1.e4 c5 2.Nf3 d6 3.d4 cxd4 4.Nxd4 Nf6 5.Nc3 a6 6.Be3 e5 7.Nb3 Be6 8.Qd2 Be7
9.O-O-O O-O 10.f4 b5 11.f5 Bc4 12.g4 h6 13.Qg2 Bxf1 14.Rhxf1 b4 15.Na4 Nfd7
16.Kb1 Nc6 17.Rg1 f6 18.h4 Rf7 19.Qd2 Rb8 20.g5 fxg5 21.hxg5 hxg5 22.Rh1 Nf6
23.Qh2 Rf8 24.Nbc5 Qa5 25.Ne6 Kf7 26.b3 Rg8 27.Nxg5+ Kf8 28.Nb2 Nd8 29.Nc4 Qb5
30.Nxd6 Bxd6 31.Rxd6 Ke7 32.Rhd1 Rc8 33.R1d5 Nxd5 34.Qxe5+ Kf8 35.Rxd5 Qb7
36.Bc5+ Rxc5 37.Rxd8+  1-0

[Event "TCh-CZE Extraliga 2011-12"]
[Site "Czech Republic CZE"]
[Date "2012.01.08"]
[Round "6.5"]
[White "Hrabusa,M"]
[Black "Trichkov,V"]
[Result "0-1"]
[WhiteElo "2344"]
[BlackElo "2319"]

1.e4 c5 2.Nf3 d6 3.d4 Nf6 4.Nc3 cxd4 5.Nxd4 a6 6.Be3 e5 7.Nb3 Be6 8.f3 Nbd7
9.g4 Nb6 10.Qd2 Be7 11.O-O-O Rc8 12.Qf2 Rxc3 13.bxc3 Na4 14.Qe1 Qc8 15.c4 Bxc4
16.Qa5 Bxf1 17.Rhxf1 b5 18.Rd3 O-O 19.Kb1 Qc6 20.Rc1 Rc8 21.Qe1 Bf8 22.Na5 Qc7
23.c4 b4 24.Nb3 Nc3+ 25.Rdxc3 bxc3 26.Qxc3 d5 27.exd5 Nxd5 28.Qd2 Nxe3 29.Qxe3 Ba3
30.Rc2 a5 31.Rc3 a4 32.Nd2 Bc5 33.Qe4 Bd4 34.Rc2 Rb8+ 35.Kc1 Qc5 36.Kd1 h6
37.Qd3 Rd8 38.Ke2 Qc7 39.Kf1 Bb6 40.Qe2 Qc5 41.Kg2 Qg1+ 42.Kh3 h5 43.Ne4 hxg4+
44.fxg4 Rc8 45.Qf3 Rc6 46.g5 Qe3 47.Qxe3 Bxe3 48.Kg4 Kf8 49.Kf5 Bd4 50.Nd2 a3
51.Ke4 Ke7 52.Nb3 Bb2 53.c5 Ke6 54.Na5 Rc8 55.c6 f5+ 56.gxf6 gxf6 57.Rf2 Bd4
58.Rf3 Bb6 59.Nc4 Rxc6 60.Nxb6 Rxb6 61.Rxa3 Rb4+ 62.Kf3 Kf5 63.Ra6 Kg5 64.Kg3 f5
65.Re6 Rg4+ 66.Kf3 e4+ 67.Ke3 Rh4  0-1

[Event "Andranik Margaryan Memorial 2012"]
[Site "Yerevan ARM"]
[Date "2012.01.12"]
[Round "7"]
[White "Petrosian,DG"]
[Black "Kalashian,D"]
[Result "0-1"]
[WhiteElo "2476"]
[BlackElo "2419"]

1.e4 c5 2.Nf3 d6 3.Nc3 a6 4.d4 cxd4 5.Nxd4 Nf6 6.Be3 e5 7.Nf3 Qc7 8.a4 Be7
9.Be2 O-O 10.O-O b6 11.Qd3 Nbd7 12.Qc4 Qxc4 13.Bxc4 Bb7 14.Nd2 Rac8 15.f3 Rc7
16.Rfd1 Rfc8 17.Bb3 h6 18.Bf2 Bf8 19.Nf1 g6 20.Ne3 h5 21.h3 Ba8 22.Rd2 Nc5
23.Bd5 Bb7 24.Bxb7 Nxb7 25.Ncd5 Nxd5 26.Rxd5 Bh6 27.c3 Bxe3 28.Bxe3 Rc6 29.Rad1 f6
30.Kf2 Kf7 31.Ke2 Ke6 32.R1d3 f5 33.exf5+ gxf5 34.f4 e4 35.Rd1 Rg8 36.Kf2 Nc5
37.Bxc5 bxc5 38.b4 cxb4 39.cxb4 h4 40.b5 axb5 41.axb5 Rc2+ 42.R1d2 Rxd2+
43.Rxd2 d5 44.b6 Kd6 45.Rb2 d4 46.b7 Kc7 47.Rb4 d3 48.Rb5 d2 49.Ke2 Rxg2+
50.Kd1 Kb8 51.Rxf5 e3 52.Rg5 Rf2 53.Rg1 Kxb7 54.Kc2 Kc6 55.Kd3 Rf3 56.f5 Kd7
57.f6 Ke8 58.Ke2 Rxh3 59.Rf1 Kf7 60.Kd3 Rf3 61.Rh1 h3 62.Ke2 Rg3 63.Rg1 Rxg1  0-1

[Event "5th Gora Swietej Anny"]
[Site "Gora Swietej Anny POL"]
[Date "2012.01.13"]
[Round "3.8"]
[White "Kopica,Paulina"]
[Black "Kuciel,W"]
[Result "0-1"]
[WhiteElo "1638"]
[BlackElo "2030"]

1.e4 c5 2.Nf3 d6 3.d4 cxd4 4.Nxd4 Nf6 5.Nc3 a6 6.Be3 e5 7.Nb3 Be6 8.f3 Be7
9.Qd2 O-O 10.O-O-O a5 11.Bb5 Na6 12.g4 Nc7 13.Bb6 Qc8 14.a4 Nxb5 15.axb5 a4
16.Na1 Qc4 17.Qd3 Rfc8 18.Qxc4 Rxc4 19.Nb1 d5 20.exd5 Nxd5 21.Bf2 Rac8 22.Nd2 Bg5
23.Kb1 Rb4 24.Ne4 Be7 25.b6 a3 26.b3 Rxe4 27.fxe4 Nc3+ 28.Kc1 Bg5+ 29.Rd2 Nxe4
30.Be1 Rd8 31.h4 Bxd2+ 32.Bxd2 Rxd2 33.Re1 Bxg4 34.c4 Re2 35.Rxe2 Bxe2 36.Nc2 Nc5
37.Nxa3 Nxb3+ 38.Kc2 Nd4+ 39.Kd2 Bf3 40.Kd3 f5 41.Ke3 f4+ 42.Kd3 Be2+ 43.Ke4 f3
44.Ke3 Nf5+ 45.Kf2 e4 46.Nc2 Bxc4 47.h5 Bb3 48.Ne1 Bd1 49.Kf1 Be2+ 50.Kf2 e3+
51.Kg1 f2+ 52.Kg2 f1=Q+ 53.Kh2 Qf2+ 54.Kh1 Ng3+  0-1

[Event "TCh-FIN SM-Liiga 2011-12"]
[Site "Helsinki FIN"]
[Date "2012.01.14"]
[Round "7.5"]
[White "Nyysti,S"]
[Black "Fieandt,J"]
[Result "1-0"]
[WhiteElo "2332"]
[BlackElo "2186"]

1.e4 c5 2.Nf3 d6 3.d4 cxd4 4.Nxd4 Nf6 5.Nc3 a6 6.Be3 e5 7.Nb3 Be6 8.Qd2 Nbd7
9.O-O-O Be7 10.f4 Rc8 11.f5 Bc4 12.Bxc4 Rxc4 13.Qd3 Rc6 14.g4 Nxg4 15.Rhg1 Nxe3
16.Qxe3 h6 17.Kb1 Bg5 18.Qh3 Rg8 19.Rd3 Nf6 20.Rgd1 Qc7 21.Nd5 Nxd5 22.Rxd5 Ke7
23.c3 Rc8 24.Na5 Rb6 25.c4 Bf4 26.c5 Kf8 27.f6 gxf6 28.Nc4 Rc6 29.Nxd6 Rxd6
30.Rxd6 Qxc5 31.Rd8+ Rxd8 32.Rxd8+ Kg7 33.Qg2+ Bg5 34.Rd1 Kf8 35.a3 h5 36.h4 Bxh4
37.Rd8+ Ke7 38.Qg8  1-0

[Event "TCh-FIN SM-Liiga 2011-12"]
[Site "Helsinki FIN"]
[Date "2012.01.14"]
[Round "7.1"]
[White "Yemelin,V"]
[Black "Hartikainen,M"]
[Result "1-0"]
[WhiteElo "2568"]
[BlackElo "2294"]

1.e4 c5 2.Nf3 d6 3.d4 cxd4 4.Nxd4 Nf6 5.Nc3 a6 6.Be3 e5 7.Nb3 Be6 8.f4 exf4
9.Bxf4 Nc6 10.Qe2 Be7 11.h3 O-O 12.O-O-O Qc7 13.g4 Rfe8 14.g5 Nd7 15.h4 Nce5
16.Qh2 b5 17.Nd5 Bxd5 18.exd5 Bf8 19.h5 Nb6 20.g6 fxg6 21.hxg6 h6 22.Bh3 Kh8
23.Be6 a5 24.Nd4 Nxg6 25.Rdg1 Nxf4 26.Qxf4 Rxe6 27.Nxe6 Qe7 28.Qd4 Nc4 29.Rxh6+ Kg8
30.Qe4 Ne5 31.Qh7+  1-0

[Event "11th Prague Open A"]
[Site "Prague CZE"]
[Date "2012.01.15"]
[Round "3"]
[White "Racz,Z"]
[Black "Fier,A"]
[Result "0-1"]
[WhiteElo "2291"]
[BlackElo "2603"]

1.e4 c5 2.Nf3 d6 3.d4 cxd4 4.Nxd4 Nf6 5.Nc3 a6 6.Be3 e5 7.Nb3 Be6 8.Qd2 Be7
9.f3 O-O 10.O-O-O a5 11.Qe1 Qc8 12.a4 Nc6 13.g4 Nb4 14.Kb1 d5 15.g5 Ne8 16.exd5 Bf5
17.Na1 Nd6 18.Rd2 Qd7 19.Qd1 Rfc8 20.Bb5 Qd8 21.h4 Rxc3 22.bxc3 Nxb5 23.axb5 Qd6
24.f4 exf4 25.Bxf4 Qxf4 26.Rd4 Qd6 27.Rf1 g6 28.cxb4 axb4 29.Nb3 Bf8 30.Rxf5 gxf5
31.Qe1 Qb6 32.Kc1 Rc8 33.d6 Bxd6 34.Qf1 Be5 35.Qxf5 Re8 36.Qd7 Kf8 37.Rd3 Qf2
38.Qd5 Qxh4 39.Nc5 Kg7 40.Nd7 Bc3  0-1

[Event "20th Fajr Open"]
[Site "Tabriz IRI"]
[Date "2012.01.15"]
[Round "4.6"]
[White "Asgarov,M"]
[Black "Ghaem Maghami,E"]
[Result "0-1"]
[WhiteElo "2234"]
[BlackElo "2570"]

1.e4 c5 2.Nf3 d6 3.d4 cxd4 4.Nxd4 Nf6 5.Nc3 a6 6.Be3 e5 7.Nf3 Be7 8.Bc4 O-O
9.O-O Be6 10.Bb3 Qc7 11.Re1 Nbd7 12.Bxe6 fxe6 13.Ng5 Qc4 14.Bd2 Nb6 15.Be3 Nfd7
16.Qg4 Rf6 17.Rad1 h6 18.Nf3 Raf8 19.Rd3 Qc8 20.Ne2 Nc4 21.Bc1 Nc5 22.Ng3 Rf4
23.Qh3 R4f7 24.Rdd1 b5 25.b3 Nb6 26.Be3 Nbd7 27.b4 Na4 28.Qxe6 Nf6 29.Qb3 Kh7
30.Nf5 Nxe4 31.Nxe7 Rxe7 32.Bxh6 gxh6 33.Rxe4 Nc3 34.Rh4 Nxd1 35.Qd3+ Qf5
36.Qxd6 Qf6 37.Qd2 Rg8 38.Rh3 e4  0-1

[Event "11th Prague Open A"]
[Site "Prague CZE"]
[Date "2012.01.17"]
[Round "5"]
[White "Marques,Joa"]
[Black "Matuszewski,Mi"]
[Result "0-1"]
[WhiteElo "2174"]
[BlackElo "2335"]

1.e4 c5 2.Nf3 d6 3.d4 cxd4 4.Nxd4 Nf6 5.Nc3 a6 6.Be3 Ng4 7.Qd2 Nxe3 8.Qxe3 g6
9.O-O-O Bg7 10.f4 Nc6 11.Nb3 Be6 12.Be2 Rc8 13.e5 O-O 14.Kb1 Qc7 15.exd6 exd6
16.g4 Nb4 17.f5 Bxb3 18.cxb3 Qa5 19.Qd2 Rfe8 20.fxg6 hxg6 21.Bc4 b5 22.Bd5 Rc5
23.a4 bxa4 24.bxa4 Nxd5 25.Nxd5 Rb8 26.Ne7+ Kh7  0-1

[Event "10th Parsvnath Open"]
[Site "New Delhi IND"]
[Date "2012.01.19"]
[Round "7.28"]
[White "Anwesh,U"]
[Black "Surendran,N"]
[Result "1-0"]
[WhiteElo "2413"]
[BlackElo "2209"]

1.e4 c5 2.Nc3 d6 3.Nf3 Nf6 4.d4 cxd4 5.Nxd4 a6 6.Be3 e5 7.Nb3 Be6 8.Qd2 Nbd7
9.O-O-O Ng4 10.Bg5 Qc7 11.h3 Ngf6 12.f4 Be7 13.f5 Bc4 14.g4 h6 15.Bxf6 Nxf6
16.Bxc4 Qxc4 17.Qg2 b5 18.h4 b4 19.Nd5 Nxd5 20.Rxd5 a5 21.Kb1 a4 22.Nd2 Qc6
23.Qe2 O-O 24.Qb5 Rfc8 25.Qxc6 Rxc6 26.Rh2 Rac8 27.Nf3 Rc4 28.Re2 b3 29.axb3 axb3
30.c3 Rb8 31.Ra5 Rc6 32.Kc1 Bd8 33.Ra4 Bb6 34.Kd2 Bc5 35.Re1 Kf8 36.Rea1 Rcc8
37.Kd3 Bf2 38.Rc4 Bc5 39.Ra5 f6 40.h5 Ke7 41.Nd2 Kd7 42.Ra6 Kc7 43.Ra7+ Rb7
44.Rxb7+ Kxb7 45.Nxb3 Kb6 46.Ra4 Rd8 47.c4 Kc6 48.Nc1 Rb8 49.Kc2 Bd4 50.b4 Kb6
51.Nb3 Bf2 52.Kd3 Kb7 53.b5 Bb6 54.Nc1 Bc5 55.Na2 Rc8 56.Nc3 Rb8 57.Nd5 Re8
58.Ra6 Rb8 59.Rc6 Rc8 60.Rxc8 Kxc8 61.Ne7+ Kd7 62.Ng6 Ke8 63.Kc3 Kf7 64.Kb3 Ke8
65.Ka4 Bb6 66.Kb4 Kf7 67.Nh4 Ke7 68.Nf3 Kd7 69.Ne1 Bc5+ 70.Ka5 Kc7 71.Nd3 Bd4
72.Ka6  1-0

[Event "10th Parsvnath Open"]
[Site "New Delhi IND"]
[Date "2012.01.21"]
[Round "9.18"]
[White "Dzhumaev,M"]
[Black "Hemant,S2"]
[Result "0-1"]
[WhiteElo "2481"]
[BlackElo "2262"]

1.e4 c5 2.Nf3 d6 3.d4 cxd4 4.Nxd4 Nf6 5.Nc3 a6 6.Be3 e5 7.Nb3 Be6 8.Qd2 Be7
9.f4 b5 10.f5 Bc4 11.O-O-O Nbd7 12.Kb1 Qc7 13.g4 h6 14.Qg2 Nb6 15.Bd3 Na4
16.Nxa4 bxa4 17.Nd2 d5 18.exd5 Bxd5 19.Ne4 Kf8 20.c4 Bc6 21.g5 hxg5 22.Bxg5 Qb7
23.Bxf6 Bxf6 24.Rhe1 Rh4 25.Qc2 a3 26.b3 Be7 27.f6 gxf6 28.Ng3 Rd8 29.Bf5 Rhd4
30.Rxd4 Rxd4 31.Qc1 Rf4 32.Nh5 Rxf5 33.Qh6+ Ke8 34.Ng7+ Kd7 35.Qh3 Be4+ 36.Kc1 Bb4
37.Rd1+ Kc7 38.Nxf5 Qc8 39.Rf1 Qd7 40.Qe3 Bxf5 41.Qa7+ Kc6 42.Qxa6+ Kc5 43.Rd1 Bd3
44.Qa8 Bc3 45.Qxa3+ Kd4 46.Qa6 Qf5 47.Qb6+ Ke4 48.Qc6+ Ke3 49.Rg1 Qf4 50.Kd1 Bc2+
51.Kxc2 Qf2+  0-1

[Event "12th ch-CRO"]
[Site "Opatija CRO"]
[Date "2012.01.23"]
[Round "7.3"]
[White "Saric,Iv"]
[Black "Brkic,A"]
[Result "0-1"]
[WhiteElo "2651"]
[BlackElo "2578"]

1.e4 c5 2.Nf3 d6 3.d4 cxd4 4.Nxd4 Nf6 5.Nc3 a6 6.Be3 e5 7.Nb3 Be7 8.f3 Be6
9.Qd2 O-O 10.O-O-O a5 11.Qe1 Qc8 12.a4 Nc6 13.g4 Nb4 14.Kb1 Ne8 15.h4 b5
16.Bxb5 Nc7 17.Rh2 Nxb5 18.axb5 a4 19.Nc1 Qb7 20.b6 a3 21.b3 d5 22.exd5 Nxd5
23.Nxd5 Bxd5 24.Rhd2 Bb4 25.Na2 Bxd2 26.Qxd2 Bxf3 27.Qd7 Qe4 28.Rd3 Bxg4
29.Qd5 Bf3 30.Qxe4 Bxe4 31.Rd7 f5 32.Nc3 Bc6 33.Rc7 Rfc8 34.b4 f4 35.Bc5 Rxc7
36.bxc7 e4 37.b5 a2+ 38.Ka1 Bb7 39.b6 Re8 40.Nb5 e3 41.Nd6 f3 42.Bxe3 Rxe3
43.Nxb7 Re8 44.Nd8 f2 45.c8=Q f1=Q+ 46.Kxa2 Qb5 47.Qc7 Qd5+ 48.Ka3 Qxd8 49.Qxd8 Rxd8
50.Kb4 Kf7 51.Kb5 Rd2 52.c4 Ke7 53.b7 Rb2+  0-1